Sanat - "Leijonanmetsästys" - Statistics

Yleistilastot
  • Tätä visaa on pelattu 25 kertaa
  • Keskiarvotulos 167 / 221
Vastaustilastot
Vastaus % Oikein
leijona
100%
ei
96%
Leijonaa
96%
leijonaa
96%
96%
metsästän
96%
saada
96%
suuren
96%
tahdon
96%
alittaa
87%
lävitse
87%
mennä
87%
on
87%
sitä
87%
Sitä
87%
täytyy
87%
voi
87%
Edessä
83%
edessä
83%
enkä
83%
ollenkaan
83%
pelkää
83%
ylittää
83%
kiertää
78%
suo
74%
joki
70%
vuori
61%
syvä
57%
luola
48%
pimeää
48%
upottava
48%
kylmä
43%
Luolassa
43%
luolassa
43%
märkä
43%
karvaista
39%
auki
35%
jotain
35%
kiinni
35%
ovi
35%
vuoressa
35%
iik
30%
kotona
30%
luolaan
30%
ruohikko
30%
pehmoista
26%
siltaa
26%
tiheä
22%
viiltävä
22%
myöten
17%
vihdoinkin
17%
Ehtoja vastaavia visoja ei löytynyt
Tulosjakauma
Jokaisen tuloksen saaneiden osuus
Persentiili vastausten määrän mukaan
Tuloshistoriasi
Et ole pelannut tätä visaa